[Event "Prague Golden Blitz op"]
[Site "Prague"]
[Date "2023.06.18"]
[Round "1"]
[White "Plat, Vojtech"]
[Black "Plicka, Petr"]
[Result "1-0"]
[WhiteElo "2542"]
[BlackElo "1635"]
[PlyCount "37"]
[EventDate "2023.06.18"]
[EventType "swiss (blitz)"]
[EventRounds "11"]
[EventCountry "CZE"]
[SourceTitle "CBM 215 Extra"]
[Source "ChessBase"]
[SourceDate "2023.09.30"]
[SourceVersion "1"]
[SourceVersionDate "2023.09.30"]
[SourceQuality "1"]

1. e4 c5 2. Nf3 d6 3. c3 Nf6 4. Bc4 e6 5. Qe2 Be7 6. d4 cxd4 7. cxd4 0-0 8. Bb3 a6 9. 0-0 Nbd7 10. Nc3 b5 11. e5 Ne8 12. Bf4 Bb7 13. Rfd1 Qb6 14. d5 exd5 15. Nxd5 Bxd5 16. Bxd5 Rd8 17. e6 fxe6 18. Qxe6+ Kh8 19. Be3 1-0

[Event "Prague Menchik Memorial Rapid"]
[Site "Prague"]
[Date "2021.09.28"]
[Round "9"]
[White "Plicka, Petr"]
[Black "Benes, Petr1111"]
[Result "1/2-1/2"]
[WhiteElo "1805"]
[BlackElo "2110"]
[PlyCount "77"]
[EventDate "2021.09.28"]
[EventType "swiss (rapid)"]
[EventRounds "9"]
[EventCountry "CZE"]
[SourceTitle "CBM 204 Extra"]
[Source "ChessBase"]
[SourceDate "2021.11.30"]
[SourceVersion "1"]
[SourceVersionDate "2021.11.30"]
[SourceQuality "1"]

1. Nf3 g6 2. c4 Bg7 3. Nc3 c5 4. g3 Nc6 5. Bg2 Rb8 6. 0-0 b6 7. b3 Nh6 8. Bb2 0-0 9. d3 Nf5 10. a3 Bb7 11. e3 e6 12. Qc2 d5 13. cxd5 exd5 14. Rfe1 d4 15. exd4 Ncxd4 16. Qd1 Nxf3+ 17. Bxf3 Bxf3 18. Qxf3 Nd4 19. Qd1 Rb7 20. Ne4 Rd7 21. Ra2 f5 22. Nd2 f4 23. Bxd4 Rxd4 24. Qe2 Rxd3 25. Qe6+ Kh8 26. Nc4 fxg3 27. hxg3 Qd4 28. Re3 Rd1+ 29. Kg2 Qd5+ 30. Qxd5 Rxd5 31. Rae2 b5 32. Na5 Bf6 33. Re8 Kg7 34. Nc6 c4 35. bxc4 bxc4 36. Nxa7 c3 37. Rxf8 Kxf8 38. Nc6 Rc5 39. Nb4 1/2-1/2

[Event "Prague Menchik Memorial Rapid"]
[Site "Prague"]
[Date "2021.09.28"]
[Round "5"]
[White "Plicka, Petr"]
[Black "Veny, Jaume"]
[Result "1-0"]
[WhiteElo "1805"]
[BlackElo "1308"]
[PlyCount "81"]
[EventDate "2021.09.28"]
[EventType "swiss (rapid)"]
[EventRounds "9"]
[EventCountry "CZE"]
[SourceTitle "CBM 204 Extra"]
[Source "ChessBase"]
[SourceDate "2021.11.30"]
[SourceVersion "1"]
[SourceVersionDate "2021.11.30"]
[SourceQuality "1"]

1. c4 c5 2. Nf3 Nc6 3. g3 g6 4. Bg2 Bg7 5. Nc3 e5 6. d3 Nf6 7. 0-0 0-0 8. Bd2 d6 9. Qc1 Be6 10. Bh6 Qd7 11. Bxg7 Kxg7 12. Re1 Bh3 13. Bh1 Rae8 14. e3 Nh5 15. Nd5 Be6 16. Nd2 f5 17. Qc3 Nf6 18. Rad1 Ne7 19. Nxe7 Rxe7 20. d4 cxd4 21. exd4 e4 22. Nb3 b6 23. d5 Bf7 24. Nd4 Ree8 25. Bg2 Kg8 26. Qa3 Rd8 27. Bh3 Rfe8 28. Nc6 Ra8 29. Qc3 Nh5 30. Qd4 Ng7 31. Rxe4 Rxe4 32. Qxe4 fxe4 33. Bxd7 Nf5 34. Re1 Be8 35. Be6+ Kg7 36. Rxe4 Bxc6 37. dxc6 Ne7 38. Bd5 Rc8 39. Rxe7+ Kf8 40. Rxh7 g5 41. Rh8+ 1-0

[Event "CZE-ch Betsys Online Blitz"]
[Site "Chess.com INT"]
[Date "2021.04.17"]
[Round "10"]
[White "Roubal, Matyas"]
[Black "Plicka, Petr"]
[Result "1-0"]
[WhiteElo "1643"]
[BlackElo "1805"]
[PlyCount "65"]
[EventDate "2021.04.17"]
[EventType "swiss (blitz)"]
[EventRounds "13"]
[EventCountry "CZE"]
[SourceTitle "CBM 201 Extra"]
[Source "ChessBase"]
[SourceDate "2021.05.31"]
[SourceVersion "1"]
[SourceVersionDate "2021.05.31"]
[SourceQuality "1"]

1. e4 e5 2. Nf3 Nc6 3. d4 exd4 4. Bc4 Nf6 5. e5 Qe7 6. 0-0 Nxe5 7. Nxe5 Qxe5 8. Re1 Ne4 9. f3 d5 10. Bd3 Bd6 11. g3 Bf5 12. Bf4 Qf6 13. fxe4 dxe4 14. Bxe4 0-0-0 15. Bxf5+ Qxf5 16. Qd3 Qd5 17. Qe4 Qa5 18. Na3 Bc5 19. Kh1 a6 20. Rad1 Rhe8 21. Qxe8 Rxe8 22. Rxe8+ Kd7 23. Rde1 Qa4 24. R8e2 Qc6+ 25. Rg2 f6 26. Nc4 g5 27. Bd2 b5 28. Na3 Bb6 29. h3 a5 30. c3 b4 31. cxb4 axb4 32. Bxb4 Qa4 33. Bd2 1-0

[Event "Prague Golden rap op 15th"]
[Site "Prague"]
[Date "2019.06.30"]
[Round "7"]
[White "Benes, Petr1111"]
[Black "Plicka, Petr"]
[Result "1-0"]
[WhiteElo "2084"]
[BlackElo "1805"]
[PlyCount "63"]
[EventDate "2019.06.30"]
[EventType "swiss (rapid)"]
[EventRounds "7"]
[EventCountry "CZE"]
[SourceTitle "CBM 191 Extra"]
[Source "ChessBase"]
[SourceDate "2019.09.30"]
[SourceVersion "1"]
[SourceVersionDate "2019.09.30"]
[SourceQuality "1"]

1. g3 Nf6 2. Bg2 d5 3. Nf3 g6 4. 0-0 Bg7 5. c4 0-0 6. cxd5 Nxd5 7. d4 c6 8. e4 Nf6 9. Nc3 Na6 10. h3 Qb6 11. a3 Be6 12. b4 Rad8 13. Be3 Qc7 14. Bf4 Qc8 15. Kh2 Bc4 16. Re1 Nh5 17. Be3 e5 18. Rc1 exd4 19. Nxd4 b5 20. g4 Qc7+ 21. Kh1 Nf4 22. Bf1 Bxf1 23. Rxf1 Qe5 24. Qf3 Nd3 25. Nxc6 Qe8 26. Nxd8 Nxc1 27. Rxc1 Qxd8 28. Nd5 Qd7 29. Qf4 Qe6 30. Rc6 Be5 31. Rxe6 Bxf4 32. Rxa6 1-0

[Event "Prague Golden rap op 11th"]
[Site "Prague"]
[Date "2015.06.27"]
[Round "2"]
[White "Plicka, Petr"]
[Black "Gansvind, Valeriya I"]
[Result "0-1"]
[WhiteElo "1856"]
[BlackElo "2191"]
[PlyCount "106"]
[EventDate "2015.06.27"]
[EventType "swiss (rapid)"]
[EventRounds "7"]
[EventCountry "CZE"]
[SourceTitle "EXT 2017"]
[Source "ChessBase"]
[SourceDate "2016.10.25"]
[SourceVersion "1"]
[SourceVersionDate "2016.10.25"]
[SourceQuality "1"]

1. d4 g6 2. c4 Bg7 3. e4 d6 4. Nf3 c6 5. Be2 Bg4 6. Nc3 Bxf3 7. Bxf3 Qb6 8. d5 Nd7 9. Qc2 Ngf6 10. Be3 Qc7 11. 0-0 0-0 12. Rac1 Rfc8 13. dxc6 bxc6 14. b3 Rab8 15. g3 Nf8 16. Qd2 Ne6 17. Rfd1 h5 18. Ne2 Ng4 19. Bg2 Nxe3 20. Qxe3 a5 21. Bh3 Nc5 22. Bxc8 Qxc8 23. f4 a4 24. Rb1 axb3 25. axb3 Qg4 26. Kg2 h4 27. h3 Qe6 28. e5 Ra8 29. Ra1 Rb8 30. Ra3 hxg3 31. Rda1 Qc8 32. Nxg3 Ne6 33. Ra7 dxe5 34. fxe5 Qd8 35. R1a2 c5 36. Ne2 Bf8 37. Nf4 Nxf4+ 38. Qxf4 Qb6 39. R2a3 Rd8 40. Qe3 Qc6+ 41. Qf3 Qe6 42. Qf2 Qxe5 43. R3a5 Qg5+ 44. Kf1 Rd1+ 45. Ke2 Rd2+ 46. Kf1 Rxf2+ 47. Kxf2 Qd2+ 48. Kg3 Qd4 49. Kf3 e5 50. Ra2 e4+ 51. Kg2 Qe3 52. Rf2 f5 53. Rd7 Qxb3 0-1

[Event "Prague Golden op 11th"]
[Site "Prague"]
[Date "2015.06.22"]
[Round "3"]
[White "Kolbus, Dietmar"]
[Black "Plicka, Petr"]
[Result "1-0"]
[WhiteElo "2306"]
[BlackElo "1801"]
[PlyCount "53"]
[EventDate "2015.06.21"]
[EventType "swiss"]
[EventRounds "9"]
[EventCountry "CZE"]
[SourceTitle "CBM 167 Extra"]
[Source "ChessBase"]
[SourceDate "2015.09.14"]
[SourceVersion "1"]
[SourceVersionDate "2015.09.14"]
[SourceQuality "1"]

1. c4 Nf6 2. Nc3 d5 3. cxd5 Nxd5 4. Nf3 g6 5. Qa4+ Nc6 6. Ne5 Nb6 7. Nxc6 Nxa4 8. Nxd8 Nxc3 9. Nxf7 Kxf7 10. bxc3 Bg7 11. g3 b6 12. Bg2 Rb8 13. a4 Bd7 14. Bd5+ e6 15. Be4 Rhd8 16. Ra2 c6 17. 0-0 e5 18. c4 Rbc8 19. d3 Kg8 20. Bg5 Rf8 21. Rb1 Be6 22. Rc2 Rc7 23. c5 Ra8 24. cxb6 axb6 25. Rxc6 Rxc6 26. Bxc6 Rc8 27. Rxb6 1-0

[Event "Prague Golden op 10th"]
[Site "Prague"]
[Date "2014.06.22"]
[Round "1"]
[White "Plicka, Petr"]
[Black "Plasek, Zdenek"]
[Result "0-1"]
[WhiteElo "1893"]
[BlackElo "2051"]
[PlyCount "86"]
[EventDate "2014.06.22"]
[EventType "swiss"]
[EventRounds "9"]
[EventCountry "CZE"]
[SourceTitle "CBM 161 Extra"]
[Source "ChessBase"]
[SourceDate "2014.08.29"]
[SourceVersion "1"]
[SourceVersionDate "2014.08.29"]
[SourceQuality "1"]

1. d4 d5 2. c4 e6 3. Nc3 c6 4. Nf3 dxc4 5. a4 Bb4 6. e3 b5 7. Bd2 a5 8. Be2 Nf6 9. 0-0 0-0 10. Qc2 Qb6 11. Rfb1 Na6 12. Ne5 Rd8 13. Bc1 Bb7 14. h3 Rac8 15. Bf3 Be7 16. axb5 cxb5 17. Bxb7 Qxb7 18. Rxa5 Nc7 19. Rba1 Ra8 20. Bd2 Rxa5 21. Rxa5 Bb4 22. Ra1 Bd6 23. Nf3 Ra8 24. Qb1 h6 25. Be1 Rxa1 26. Qxa1 Ncd5 27. Qa5 Nc7 28. Nd2 Nfd5 29. Qa2 Nb4 30. Qb1 Nd3 31. Kf1 Qa6 32. Nde4 Be7 33. Bd2 f5 34. Ng3 b4 35. Nce2 Qa4 36. Kg1 Qb3 37. Bc1 Qd1+ 38. Kh2 Bd6 39. f4 Nd5 40. Qa1 Nxc1 41. Qa6 Nxe2 42. Qc8+ Kf7 43. Qd7+ Be7 0-1

[Event "Ricany op-A"]
[Site "Ricany"]
[Date "2011.08.25"]
[Round "7"]
[White "Maly, Filip"]
[Black "Plicka, Petr"]
[Result "1-0"]
[WhiteElo "2007"]
[BlackElo "1864"]
[PlyCount "123"]
[EventDate "2011.08.20"]
[EventType "swiss"]
[EventRounds "9"]
[EventCountry "CZE"]
[SourceTitle "CBM 144 Extra"]
[Source "ChessBase"]
[SourceDate "2011.10.28"]
[SourceVersion "1"]
[SourceVersionDate "2011.10.28"]
[SourceQuality "1"]

1. e4 c5 2. Nf3 d6 3. d4 cxd4 4. Nxd4 Nf6 5. Nc3 a6 6. Bg5 e6 7. f4 Be7 8. Qf3 Qc7 9. 0-0-0 Nc6 10. Nb3 Rb8 11. g4 b5 12. Bxf6 Bxf6 13. g5 Be7 14. Rg1 Bb7 15. Re1 0-0 16. f5 Ne5 17. Qh3 exf5 18. Qxf5 Bc8 19. Qf2 Be6 20. Nd4 Qc5 21. Qd2 Bd8 22. Be2 Ba5 23. Rg3 Bd7 24. Nb3 Bxc3 25. Rxc3 Qb6 26. Rd1 b4 27. Rg3 Qc6 28. Qxd6 Qxe4 29. Bd3 Qf4+ 30. Kb1 Nxd3 31. Rgxd3 Qxd6 32. Rxd6 Bb5 33. Nd4 Rfe8 34. b3 g6 35. Kb2 Kg7 36. a3 bxa3+ 37. Kxa3 Re3 38. Ka2 Rh3 39. Rd2 Rc3 40. Kb2 Rbc8 41. Nxb5 axb5 42. Rb6 R3c5 43. h4 R8c7 44. Rbd6 h6 45. R6d5 hxg5 46. hxg5 Kf8 47. b4 Rxd5 48. Rxd5 Rb7 49. Kc3 Ke7 50. Re5+ Kd6 51. Kd4 Kc6 52. Rc5+ Kd6 53. c4 bxc4 54. Kxc4 Rb6 55. b5 Kd7 56. Rd5+ Ke6 57. Rd1 Rb8 58. Kc5 f5 59. Rd6+ Ke5 60. Rxg6 f4 61. Rf6 Rc8+ 62. Rc6 1-0

[Event "Ricany op-A"]
[Site "Ricany"]
[Date "2011.08.24"]
[Round "6"]
[White "Plicka, Petr"]
[Black "Kovar, Jan1111"]
[Result "0-1"]
[WhiteElo "1864"]
[BlackElo "2002"]
[PlyCount "62"]
[EventDate "2011.08.20"]
[EventType "swiss"]
[EventRounds "9"]
[EventCountry "CZE"]
[SourceTitle "CBM 144 Extra"]
[Source "ChessBase"]
[SourceDate "2011.10.28"]
[SourceVersion "1"]
[SourceVersionDate "2011.10.28"]
[SourceQuality "1"]

1. d4 Nf6 2. c4 b6 3. Nf3 Bb7 4. g3 g6 5. Bg2 Bg7 6. Nc3 0-0 7. 0-0 c5 8. d5 d6 9. Ng5 Nbd7 10. f4 h6 11. Nf3 a5 12. Re1 Ba6 13. Qd3 Qc7 14. Nh4 Rab8 15. e4 Ne8 16. Be3 b5 17. cxb5 c4 18. Qd2 Bxb5 19. Nxb5 Rxb5 20. Rab1 Rxb2 21. Rxb2 c3 22. Qf2 cxb2 23. Bd4 Qc1 24. Be3 Qa1 25. Qf1 Qxa2 26. Nf3 Nc7 27. Nd2 Rb8 28. Bf3 Nb5 29. Qd3 Nc3 30. Nb1 Nxb1 31. Rxb1 Rb3 0-1

[Event "Ricany op-A"]
[Site "Ricany"]
[Date "2011.08.22"]
[Round "4"]
[White "Plicka, Petr"]
[Black "Nemec, David"]
[Result "0-1"]
[WhiteElo "1864"]
[BlackElo "2037"]
[PlyCount "90"]
[EventDate "2011.08.20"]
[EventType "swiss"]
[EventRounds "9"]
[EventCountry "CZE"]
[SourceTitle "CBM 144 Extra"]
[Source "ChessBase"]
[SourceDate "2011.10.28"]
[SourceVersion "1"]
[SourceVersionDate "2011.10.28"]
[SourceQuality "1"]

1. d4 Nf6 2. c4 g6 3. Nf3 Bg7 4. g3 0-0 5. Bg2 d6 6. Nc3 c5 7. 0-0 Nc6 8. e3 e6 9. Qe2 a6 10. Rd1 Qc7 11. b3 Bd7 12. Bb2 Rab8 13. d5 Na5 14. dxe6 Bxe6 15. Rd2 Rfd8 16. Rad1 Ne8 17. Ng5 Qe7 18. Nxe6 fxe6 19. Bh3 Nc7 20. Rd3 b5 21. cxb5 axb5 22. Qd2 b4 23. Ne4 Bxb2 24. Qxb2 d5 25. Nf6+ Kf8 26. Qe5 Nc6 27. Qf4 Kg7 28. Ng4 g5 29. Qf3 h5 30. R3d2 Rf8 31. Qe2 hxg4 32. Bxg4 Ne5 33. Bh5 Nd7 34. f4 Ra8 35. Qg4 e5 36. f5 Kh6 37. Bg6 Nf6 38. Qe2 e4 39. g4 Kg7 40. Qg2 Rh8 41. Qg3 Rh4 42. h3 Rah8 43. Rh2 Rd8 44. Rhd2 Qd6 45. Qf2 Rxh3 0-1

[Event "Ricany op-A"]
[Site "Ricany"]
[Date "2011.08.20"]
[Round "1"]
[White "Petras, Milan"]
[Black "Plicka, Petr"]
[Result "1-0"]
[WhiteElo "2064"]
[BlackElo "1864"]
[PlyCount "73"]
[EventDate "2011.08.20"]
[EventType "swiss"]
[EventRounds "9"]
[EventCountry "CZE"]
[SourceTitle "CBM 144 Extra"]
[Source "ChessBase"]
[SourceDate "2011.10.28"]
[SourceVersion "1"]
[SourceVersionDate "2011.10.28"]
[SourceQuality "1"]

1. d4 Nf6 2. Nf3 d5 3. Bf4 e6 4. e3 Bd6 5. Bg3 0-0 6. Nbd2 b6 7. Ne5 c5 8. f4 Qc7 9. c3 Nfd7 10. Bd3 f5 11. Ndf3 Nf6 12. 0-0 Ne4 13. c4 Nxg3 14. hxg3 Bb7 15. Rc1 Qe7 16. g4 Nd7 17. g5 g6 18. g4 Rad8 19. gxf5 exf5 20. Qa4 Bb8 21. Kf2 Rfe8 22. Rh1 Qd6 23. Rh6 Kg7 24. Nh4 Nxe5 25. dxe5 Qd7 26. Qxd7+ Rxd7 27. Nxf5+ Kf8 28. Ng3 dxc4 29. Be4 b5 30. Bxb7 Rxb7 31. Rd1 b4 32. Rc1 a5 33. Ne4 Rf7 34. Nf6 Re6 35. Rd1 c3 36. Rd8+ Ke7 37. Re8# 1-0

[Event "Prague Golden op"]
[Site "Prague"]
[Date "2010.07.??"]
[Round "8"]
[White "Plicka, Petr"]
[Black "Slechta, Karel"]
[Result "1/2-1/2"]
[WhiteElo "1865"]
[BlackElo "1975"]
[PlyCount "110"]
[EventDate "2010.07.??"]
[EventType "swiss"]
[EventRounds "9"]
[EventCountry "CZE"]
[SourceTitle "EXT 2012"]
[Source "ChessBase"]
[SourceDate "2011.11.24"]
[SourceVersion "1"]
[SourceVersionDate "2011.11.24"]
[SourceQuality "1"]

1. d4 d5 2. c4 dxc4 3. Nc3 e5 4. d5 c6 5. e4 Nf6 6. Bxc4 Bc5 7. Nf3 cxd5 8. Bb5+ Bd7 9. Bxd7+ Nbxd7 10. exd5 0-0 11. 0-0 Re8 12. Bg5 h6 13. Bh4 Nb6 14. Ne4 Be7 15. d6 Nxe4 16. dxe7 Qxd1 17. Raxd1 g5 18. Rfe1 f5 19. Bg3 Nxg3 20. hxg3 e4 21. Nd4 Rxe7 22. Nxf5 Re6 23. Rd6 Rxd6 24. Nxd6 Na4 25. Rxe4 Nxb2 26. Rb4 Rd8 27. Rxb2 Rxd6 28. Rxb7 Ra6 29. Rb2 Kg7 30. Kf1 Kf6 31. Ke2 Ke5 32. Kd3 Kd5 33. Kc3 Rc6+ 34. Kd2 Ra6 35. Kc2 Rc6+ 36. Kb1 Kd4 37. Rd2+ Ke4 38. Kb2 Rb6+ 39. Kc3 Rc6+ 40. Kb4 g4 41. a4 Rb6+ 42. Kc5 Ra6 43. Rd4+ Kf5 44. Rf4+ Kg5 45. Kb5 Rb6+ 46. Ka5 Rb7 47. Ka6 Re7 48. Rb4 Rf7 49. Rf4 Rxf4 50. gxf4+ Kxf4 51. Kxa7 h5 52. a5 h4 53. g3+ hxg3 54. fxg3+ Kxg3 55. Kb8 Kf2 1/2-1/2

[Event "Prague KS op-A"]
[Site "Prague"]
[Date "2007.??.??"]
[Round "5"]
[White "Losan, Rudolf"]
[Black "Plicka, Petr"]
[Result "1/2-1/2"]
[WhiteElo "1613"]
[BlackElo "1784"]
[PlyCount "88"]
[EventDate "2007.??.??"]
[EventType "swiss"]
[EventRounds "9"]
[EventCountry "CZE"]
[SourceTitle "EXT 2008"]
[Source "ChessBase"]
[SourceDate "2007.11.25"]
[SourceVersion "1"]
[SourceVersionDate "2007.11.25"]
[SourceQuality "1"]

1. Nf3 d5 2. b3 Nf6 3. Bb2 Nbd7 4. e3 e6 5. Be2 Bd6 6. h3 Qe7 7. d4 c6 8. 0-0 0-0 9. Nbd2 e5 10. dxe5 Nxe5 11. Nxe5 Bxe5 12. Bxe5 Qxe5 13. Nf3 Qe7 14. a4 Re8 15. Bd3 h6 16. Nd4 Qe5 17. Qf3 g6 18. Ne2 Nh7 19. Qf4 Kg7 20. Qxe5+ Rxe5 21. Ng3 Bd7 22. Rfe1 Rae8 23. Kf1 f5 24. Re2 Nf6 25. Rae1 c5 26. c4 Bc6 27. cxd5 Bxd5 28. Bc4 Bxc4 29. bxc4 Nd7 30. a5 R5e7 31. f4 Nb8 32. e4 Nc6 33. exf5 Rxe2 34. Rxe2 Rxe2 35. Kxe2 Nd4+ 36. Kd3 gxf5 37. Nxf5+ Nxf5 38. Ke4 Kf6 39. Kd5 b6 40. axb6 axb6 41. Kc6 Ne3 42. Kxb6 Nxc4+ 43. Kxc5 Ne3 44. g4 Ng2 1/2-1/2

[Event "Prague KS op-A"]
[Site "Prague"]
[Date "2007.??.??"]
[Round "6"]
[White "Plicka, Petr"]
[Black "Maly, Petr"]
[Result "1/2-1/2"]
[WhiteElo "1784"]
[BlackElo "1575"]
[PlyCount "102"]
[EventDate "2007.??.??"]
[EventType "swiss"]
[EventRounds "9"]
[EventCountry "CZE"]
[SourceTitle "EXT 2008"]
[Source "ChessBase"]
[SourceDate "2007.11.25"]
[SourceVersion "1"]
[SourceVersionDate "2007.11.25"]
[SourceQuality "1"]

1. d4 f5 2. Nf3 Nf6 3. Nc3 g6 4. Bg5 Bg7 5. e3 0-0 6. Bd3 d6 7. Qe2 c6 8. 0-0 b5 9. a3 d5 10. a4 b4 11. Na2 a5 12. c4 Ne4 13. Bf4 e6 14. Nc1 g5 15. Be5 g4 16. Ne1 Bxe5 17. dxe5 Qc7 18. f3 gxf3 19. Nxf3 Qg7 20. Bc2 Nd7 21. Nd3 dxc4 22. Nde1 Nxe5 23. Nxe5 Qxe5 24. Qxc4 Ba6 25. Qxc6 Bxf1 26. Nf3 Qd6 27. Bxe4 Qxc6 28. Bxc6 Rac8 29. Bd7 Rc2 30. Bxe6+ Kg7 31. Rxf1 Rxb2 32. Nd4 h5 33. Nxf5+ Kg6 34. Nd4 Rxf1+ 35. Kxf1 Kf6 36. Bc4 Ke5 37. Be2 Ke4 38. Kf2 h4 39. g3 hxg3+ 40. hxg3 Ra2 41. g4 Rxa4 42. g5 Ke5 43. g6 Kf6 44. Bd3 Ra2+ 45. Kf3 a4 46. Bc4 Rh2 47. Bf7 a3 48. e4 a2 49. e5+ Kxe5 50. Nc6+ Kf6 51. Bxa2 Rxa2 1/2-1/2